Brand authenticity (Record no. 5141)

MARC details
000 -CABECERA
campo de control de longitud fija 02209nam a22003137a 4500
003 - IDENTIFICADOR DEL NÚMERO DE CONTROL
campo de control OSt
005 - FECHA Y HORA DE LA ÚLTIMA TRANSACCIÓN
campo de control 20260515122822.0
008 - DATOS DE LONGITUD FIJA--INFORMACIÓN GENERAL
campo de control de longitud fija 250910b |||||||| |||| 00| 0 eng d
022 ## - NÚMERO INTERNACIONAL NORMALIZADO PARA PUBLICACIONES SERIADAS
Número Internacional Normalizado para Publicaciones Seriadas 1532-7663
022 ## - NÚMERO INTERNACIONAL NORMALIZADO PARA PUBLICACIONES SERIADAS
Número Internacional Normalizado para Publicaciones Seriadas 1057-7408
040 ## - FUENTE DE LA CATALOGACIÓN
Centro catalogador/agencia de origen English
Centro/agencia transcriptor tbs
041 ## - CÓDIGO DE LENGUA
Código de lengua del texto/banda sonora o título independiente English
100 ## - ENTRADA PRINCIPAL--NOMBRE DE PERSONA
Nombre de persona Morhart, Felicitas
9 (RLIN) 11929
Término indicativo de función/relación author
245 ## - MENCIÓN DE TÍTULO
Título Brand authenticity
Resto del título : an integrative framework and measurement scale
Mención de responsabilidad, etc. / Felicitas Morhart, Lucia Malär, Amélie Guèvremont, Florent Girardin, Bianca Grohmann.
260 ## - PUBLICACIÓN, DISTRIBUCIÓN, ETC.
Nombre del editor, distribuidor, etc. Journal of Consumer Psychology,
Fecha de publicación, distribución, etc. 2015.
362 ## - FECHAS DE PUBLICACIÓN Y/O DESIGNACIÓN SECUENCIAL
Fecha de publicación y/o designación secuencial Journal of consumer psychology, 2015-04, Vol.25 (2), p.200-218
520 ## - SUMARIO, ETC.
Sumario, etc. Although brand authenticity is gaining increasing interest in consumer behavior research and managerial practice, literature on its measurement and contribution to branding theory is still limited. This article develops an integrative framework of the concept of brand authenticity and reports the development and validation of a scale measuring consumers' perceived brand authenticity (PBA). A multi-phase scale development process resulted in a 15-item PBA scale measuring four dimensions: credibility, integrity, symbolism, and continuity. This scale is reliable across different brands and cultural contexts. We find that brand authenticity perceptions are influenced by indexical, existential, and iconic cues, whereby some of the latters' influence is moderated by consumers' level of marketing skepticism. Results also suggest that PBA increases emotional brand attachment and word-of-mouth, and that it drives brand choice likelihood through self-congruence for consumers high in self-authenticity
630 #0 - PUNTO DE ACCESO ADICIONAL DE MATERIA--TÍTULO UNIFORME
Título uniforme MSc Brand Management & Creativity
9 (RLIN) 26051
650 #0 - PUNTO DE ACCESO ADICIONAL DE MATERIA--TÉRMINO DE MATERIA
Término de materia o nombre geográfico como elemento de entrada Branding (Marketing)
9 (RLIN) 6284
650 #0 - PUNTO DE ACCESO ADICIONAL DE MATERIA--TÉRMINO DE MATERIA
Término de materia o nombre geográfico como elemento de entrada Brand name products
9 (RLIN) 2371
650 #0 - PUNTO DE ACCESO ADICIONAL DE MATERIA--TÉRMINO DE MATERIA
Término de materia o nombre geográfico como elemento de entrada Authenticity (Philosophy)
9 (RLIN) 27111
650 #0 - PUNTO DE ACCESO ADICIONAL DE MATERIA--TÉRMINO DE MATERIA
Término de materia o nombre geográfico como elemento de entrada Public relations
9 (RLIN) 2442
700 ## - ENTRADA AGREGADA--NOMBRE PERSONAL
Nombre de persona Malär, Lucia
9 (RLIN) 26414
Término indicativo de función/relación author
700 ## - ENTRADA AGREGADA--NOMBRE PERSONAL
Nombre de persona Guèvremont, Amélie
9 (RLIN) 26415
Término indicativo de función/relación author
700 ## - ENTRADA AGREGADA--NOMBRE PERSONAL
Nombre de persona Girardin, Florent
9 (RLIN) 26416
Término indicativo de función/relación author
700 ## - ENTRADA AGREGADA--NOMBRE PERSONAL
Nombre de persona Grohmann, Bianca
9 (RLIN) 26417
Término indicativo de función/relación author
856 ## - LOCALIZACIÓN Y ACCESO ELECTRÓNICOS
Identificador Uniforme del Recurso <a href="https://research-ebsco-com.hub.tbs-education.fr/linkprocessor/plink?id=2dc42ac5-4ca7-3a4d-a44d-8528a4004d83">https://research-ebsco-com.hub.tbs-education.fr/linkprocessor/plink?id=2dc42ac5-4ca7-3a4d-a44d-8528a4004d83</a>
942 ## - ELEMENTOS DE ENTRADA AGREGADA (KOHA)
Fuente del sistema de clasificación o colocación Clasificación de Library of Congress
Holdings
Estado de retiro Estado de pérdida Fuente del sistema de clasificación o colocación Estado dañado No para préstamo Biblioteca de origen Biblioteca actual Fecha de adquisición Total de préstamos Código de barras Fecha visto por última vez Identificador Uniforme del Recurso Precio válido a partir de Tipo de ítem Koha
    Clasificación de Library of Congress     TBS Barcelona TBS Barcelona 04/11/2025   5141 04/11/2025 https://research-ebsco-com.hub.tbs-education.fr/linkprocessor/plink?id=2dc42ac5-4ca7-3a4d-a44d-8528a4004d83 04/11/2025 Academic Article

Powered by Koha